书目信息 |
| 题名: |
童装设计与制作800例
|
|
| 作者: | 杨晓丹 编绘 | |
| 分册: | ||
| 出版信息: | 北京 中国纺织工业出版社 2000.01 |
|
| 页数: | 184页 | |
| 开本: | 26cm | |
| 丛书名: | 服装设计与制作系列丛书 | |
| 单 册: | ||
| 中图分类: | TS941.716.1-64 | |
| 科图分类: | ||
| 主题词: | 服装工业 | |
| 电子资源: | ||
| ISBN: | 7-5064-1739-1 | |
| 000 | 00677nam0 2200217 45 | |
| 001 | 0304111461 | |
| 005 | 20030411143252.9 | |
| 010 | @a7-5064-1739-1@d26.00元 | |
| 100 | @a20030411d2000 km y0chiy0120 ea | |
| 101 | 0 | @achi |
| 105 | @a z 000yy | |
| 200 | 1 | @a童装设计与制作800例@ATong Zhuang She Ji Yu Zhi Zuo 800 Li@f杨晓丹编绘@FYang Xiao Dan Bian Hui |
| 210 | @a北京@c中国纺织工业出版社@d2000.01 | |
| 215 | @a184页@d26cm@c图 | |
| 225 | @a服装设计与制作系列丛书 | |
| 410 | @12001 @a服装设计与制作系列丛书 | |
| 606 | 0 | @a服装工业 |
| 690 | @aTS941.716.1-64@v3 | |
| 701 | 0 | @a杨晓丹@4编绘 |
| 801 | @aCN@bPftUser@c20030411 | |
| 905 | @aBZT@b346724-726@dTS941.716.1-64@e1@f3 | |
| 童装设计与制作800例/杨晓丹编绘.-北京:中国纺织工业出版社,2000.01 |
| 184页;26cm:图.-(服装设计与制作系列丛书) |
| ISBN 7-5064-1739-1:26.00元 |
| ● |
| 相关链接 |
|
|
|
正题名:童装设计与制作800例
索取号:TS941.716.1-64/1
 
预约/预借
| 序号 | 登录号 | 条形码 | 馆藏地/架位号 | 状态 | 备注 |
| 1 | 346724 | 201355443 | 样本书库/样005架B面2层2列/ [索取号:TS941.716.1-64/1] | 在馆 | |
| 2 | 346725 | 201355452 | 中心书库中库/ 中库024架B面6列6层30/ [索取号:TS941.716.1-64/1] | 在馆 | |
| 3 | 346726 | 201355461 | 中心书库中库/ 中库024架B面6列6层31/ [索取号:TS941.716.1-64/1] | 在馆 |